Europäische Staaten auf einer Karte erkennen - Statistiken

Allgemein
  • Dieses Quiz wurde 364 mal gespielt
  • Das Durchschnittsergebnis liegt bei 39 aus 47
Antworten auf der Karte
Die Antworten werden auf der Karte rot bzw. grün angezeigt, abhängig davon wie oft sie richtig erraten wurden.
 
Antwortstatistiken
Antwort % Korrekt
Dänemark
96%
Liechtenstein
90%
Schweden
90%
Belarus
87%
Belgien
87%
Deutschland
87%
Griechenland
87%
Island
87%
Italien
87%
Portugal
87%
Russland
87%
Frankreich
86%
Irland
86%
Kroatien
86%
Malta
86%
Österreich
86%
Polen
86%
Vereinigtes Königreich
86%
Finnland
85%
Luxemburg
85%
Niederlande
85%
Schweiz
85%
Spanien
85%
Tschechien
85%
Türkei
85%
Ukraine
85%
Lettland
84%
Norwegen
84%
San Marino
84%
Estland
82%
Vatikanstadt
82%
Zypern
82%
Litauen
81%
Monaco
81%
Andorra
80%
Rumänien
77%
Ungarn
77%
Serbien
75%
Albanien
74%
Moldau, Republik
73%
Slowakei
73%
Slowenien
73%
Bulgarien
72%
Bosnien und Herzogowina
70%
Kosovo
70%
Montenegro
67%
Nordmazedonien
67%
Keine übereinstimmenden Quizze gefunden
Verteilung der Resultate
Anzahl Personen mit jedem Resultat
Perzentil nach korrekt beantworteten Fragen
Ihre Resultats-Entwicklung
Sie haben dieses Quiz noch nicht gespielt